| Tag |
First Indicator |
Second Indicator |
Subfields |
| LEADER |
00000cam a2200000Ka 4500 |
| 001 |
in00002780123 |
| 005 |
20150922143041.0 |
| 006 |
m fo d |
| 007 |
cr unu|||||||| |
| 008 |
121114s2012 txu obm 000 0 eng d |
| 035 |
|
|
|a (OCoLC)ocn817968518
|
| 035 |
|
|
|a (OCoLC)817968518
|
| 035 |
|
|
|a (TxCM)http://hdl.handle.net/1969.1/ETD-TAMU-2012-08-11794
|
| 040 |
|
|
|a TXA
|c TXA
|d UtOrBLW
|
| 049 |
|
|
|a TXAM
|
| 099 |
|
|
|a 2012
|a Thesis
|a 1969.1/ETD-TAMU-2012-08-11794
|
| 100 |
1 |
|
|a Jin, Sun Mi.
|
| 245 |
1 |
0 |
|a Examining commuting times and jobs-housing imbalance in seoul :
|b an empirical analysis of urban spatial structure.
|
| 264 |
|
1 |
|a [College Station, Tex.] :
|b [Texas A&M University],
|c [2012]
|
| 300 |
|
|
|a 1 online resource.
|
| 336 |
|
|
|a text
|b txt
|2 rdacontent
|
| 337 |
|
|
|a computer
|b c
|2 rdamedia
|
| 338 |
|
|
|a online resource
|b cr
|2 rdacarrier
|
| 500 |
|
|
|a "Major Subject: Urban and Regional Planning"
|
| 588 |
|
|
|a Description from author supplied metadata (automated record created 2012-10-22 13:24:58).
|
| 502 |
|
|
|b Master of Urban Planning
|c Texas A&M University
|d 2012
|o http://hdl.handle.net/1969.1/ETD-TAMU-2012-08-11794
|
| 504 |
|
|
|a Includes bibliographical references.
|
| 516 |
|
|
|a Text (Thesis)
|
| 520 |
3 |
|
|a Public transportation policy plays a significant role in facilitating ridership as well as travel modes, economic activities, and environmental aspects. Seoul has experienced rapid urbanization. Also, high density developments and uncontrolled land use gave rise to extensive urban sprawl in the Seoul Metropolitan Areas (SMA). Due to increased use of private vehicles, which created serious traffic congestion, the Seoul Metropolitan Government (SMG) has reformed public transportation policies-introduced bus transportation reform (BTR) in 2004 and reformed fare and ticketing structures in 2009. This research focuses on the relationships between socioeconomic characteristics and commuting patterns by applying smart card data that includes individual travel behaviors during commuting periods. Among regression results, average commuting times are significantly associated with the proportion of population with lower levels of education and the number of public transit stations. These results appear to support the idea that the lower educated people in each district tend to have longer commuting times. Also, the greater availability of public transit stations contributes to shorter commuting times. Finally, analyzing commuting times seems to be important for determining demographic movement as well as locational advantages in certain regions of Seoul based on public transportation policies.
|
| 500 |
|
|
|a Electronic resource.
|
| 650 |
|
4 |
|a Major Urban and Regional Planning.
|
| 653 |
|
|
|a Commuting times
|
| 653 |
|
|
|a Urban form
|
| 653 |
|
|
|a Job-housing imbalance
|
| 653 |
|
|
|a Smart card
|
| 700 |
1 |
|
|a Joh, Kenneth,
|e thesis advisor.
|
| 856 |
4 |
0 |
|u http://hdl.handle.net/1969.1/ETD-TAMU-2012-08-11794
|z Link to OAK Trust copy
|t 0
|
| 994 |
|
|
|a C0
|b TXA
|
| 948 |
|
|
|a cataloged
|b h
|c 2012/11/14
|d o
|e blrosas
|f 1:38:36 pm
|
| 999 |
|
|
|a MARS
|
| 999 |
f |
f |
|s 2ea1e61d-9eb6-3157-a405-3c0b2822d96a
|i 8c4bd541-270e-39ee-a9ae-137e1d21b455
|t 0
|
| 952 |
f |
f |
|a Texas A&M University
|b College Station
|c Electronic Resources
|d Available Online
|t 0
|e 2012 Thesis 1969.1/ETD-TAMU-2012-08-11794
|h Other scheme
|
| 998 |
f |
f |
|a 2012 Thesis 1969.1/ETD-TAMU-2012-08-11794
|t 0
|l Available Online
|